Modernizujeme a upravujeme rodinný domek

Enregistré dans:
Détails bibliographiques
Auteur principal: Vachulka, František (Auteur)
Format: Livre
Langue:tchèque
Publié: Praha-Brno : SNTL, 1993
Édition:1. vyd.
Sujets:
Tags: Ajouter un tag
Pas de tags, Soyez le premier à ajouter un tag!

MARC

LEADER 00000nam a22000003a 4500
001 stu11293
005 20150617225804.8
008 950323s1993----xr------------------cze-d
020 |a 8003005337 
040 |a STU  |b slo 
041 0 |a cze 
044 |a xr 
100 1 |a Vachulka, František  |4 aut 
245 1 |a Modernizujeme a upravujeme rodinný domek 
250 |a 1. vyd. 
260 |a Praha-Brno :  |b SNTL,  |c 1993 
300 |a 323 s 
650 7 |a domy rodinné  |2 stusub 
650 7 |a budovy obytné  |2 stusub 
650 7 |a Chaty  |2 stusub 
650 7 |a chalupy  |2 stusub 
996 |b 284AU01435  |c A*2067 U  |l AAKNAR  |s A  |a 24  |w stu11293_0001 
996 |b 284AU00714  |c A*2068 U  |l AAKNAR  |s A  |a 24  |w stu11293_0002